Central Library OPAC University of Rajshahi

Logic and language (second series) / (Record no. 30070)

MARC details
000 -LEADER
fixed length control field 01142nam a2200313 a 4500
001 - CONTROL NUMBER
control field 30070
003 - CONTROL NUMBER IDENTIFIER
rucl marc code BD-RjUL
005 - DATE AND TIME OF LATEST TRANSACTION
control field 20211209051515.0
008 - FIXED-LENGTH DATA ELEMENTS--GENERAL INFORMATION
fixed length control field 140408r19611959enka 000 0 eng d
035 ## - SYSTEM CONTROL NUMBER
System control number (BD-RjUL)30155
040 ## - CATALOGING SOURCE
Original cataloging agency DLC
Transcribing agency CWR
Modifying agency OCL
-- NED
-- BD-RjUL
Language of cataloging eng
041 ## - LANGUAGE CODE
Language code of text/sound track or separate title eng
082 ## - DEWEY DECIMAL CLASSIFICATION NUMBER
Classification number 160.4
Author mark and year LOG 1961
245 00 - TITLE STATEMENT
Title Logic and language (second series) /
Statement of responsibility, etc. essays by J.L. Austin ... [et al.] ; edited, with an introduction, by Antony Flew.
246 15 - VARYING FORM OF TITLE
Title proper/short title Essays on logic and language (second series)
260 ## - PUBLICATION, DISTRIBUTION, ETC. (IMPRINT)
Place of publication, distribution, etc. Oxford :
Name of publisher, distributor, etc. Basil Blackwell,
Date of publication, distribution, etc. 1959 [reprinted 1961]
300 ## - PHYSICAL DESCRIPTION
Pagination vii, 242 p. :
Illustrations ill. ;
Size 22 cm.
500 ## - GENERAL NOTE
General note First series published in 1951 under title: Essays on logic and language.
General note Half title: Essays on logic and language (second series).
General note Includes bibliographical footnotes.
650 #0 - SUBJECT ADDED ENTRY--TOPICAL TERM
Topical term or geographic name as entry element Language and languages.
9 (RLIN) 91449
Topical term or geographic name as entry element Logic.
9 (RLIN) 91450
700 1# - ADDED ENTRY--PERSONAL NAME
Personal name Flew, Antony,
Dates associated with a name 1923-2010.
Personal name Austin, J. L.
Fuller form of name (John Langshaw),
Dates associated with a name 1911-1960.
942 ## - ADDED ENTRY ELEMENTS (KOHA)
Source of classification or shelving scheme Dewey Decimal Classification
Koha item type Books
Holdings
Lost status Source of classification or shelving scheme Damaged status Not for loan Collection code Permanent Location Current Location Shelving location Date acquired Source of acquisition Cost, normal purchase price Total Checkouts Full call number Date last seen Date checked out Copy number Koha item type
  Dewey Decimal Classification     Non-fiction Central Library, University of Rajshahi Central Library, University of Rajshahi   12/03/1963 Zeitlinger 21.00 1 160.4 LOG 1961 16/08/2022 08/08/2022 C-2 Books